The Natural Way to Better Eyesight /

Sábháilte in:
Sonraí bibleagrafaíochta
Príomhchruthaitheoir: Rodale, J.I (autor)
Formáid: LEABHAR
Teanga:Béarla
Foilsithe / Cruthaithe: Emmaus, EUA : Rodale, 1971, c1968
Clibeanna: Cuir clib leis
Níl clibeanna ann, Bí ar an gcéad duine le clib a chur leis an taifead seo!

MARC

LEADER 00000nam^a2200000^a^4500
001 000555698
005 20250526000000.0
009 20260310131723.863
037 |a Acervo ITESO - Biblioteca 
041 |a ING 
091 |a FHA. 01054 
100 |a Rodale, J.I.  |e (autor) 
245 1 4 |a The Natural Way to Better Eyesight / 
264 4 |a Emmaus, EUA :  |b Rodale,  |c 1971, c1968 
300 |a 143 p. ;  |c 22.5 cm. 
336 |a texto  |b txt  |2 rdacontenido 
337 |a sin mediación  |b n  |2 rdamedio 
338 |a volumen  |b nc  |2 rdasoporte 
515 |a Inventario familia Hartung: 1337 
649 |a XX 
910 |a Fondo Horst Hartung Franz 
920 |a Impresos - Libros 
930 |a Libros Antiguos y Raros 
905 |a 135 
901 |a 0500396554  |b IT2  |c LRA  |i D  |u 20250526 
902 |a https://opac.biblio.iteso.mx/vufind/Record/000555698